<?xml version="1.0" encoding="UTF-8"?>
<collection xmlns="http://www.loc.gov/MARC21/slim">
 <record>
  <leader>10080nas a22010811  4500</leader>
  <controlfield tag="001">1/50399</controlfield>
  <controlfield tag="008">031023c19769999nyumr1p       0   a0eng d</controlfield>
  <datafield tag="022" ind1=" " ind2=" ">
   <subfield code="a">0361-0926</subfield>
  </datafield>
  <datafield tag="035" ind1=" " ind2=" ">
   <subfield code="l">24714</subfield>
  </datafield>
  <datafield tag="040" ind1=" " ind2=" ">
   <subfield code="a">DLC</subfield>
   <subfield code="b">GR-PeUP</subfield>
  </datafield>
  <datafield tag="090" ind1=" " ind2=" ">
   <subfield code="a">Αλφαβητική σειρά</subfield>
  </datafield>
  <datafield tag="245" ind1="0" ind2="0">
   <subfield code="a">Communications in statistics :</subfield>
   <subfield code="b">Theory and methods.</subfield>
  </datafield>
  <datafield tag="260" ind1=" " ind2=" ">
   <subfield code="a">New York :</subfield>
   <subfield code="b">Marcel Dekker,</subfield>
   <subfield code="c">1976-</subfield>
  </datafield>
  <datafield tag="300" ind1=" " ind2=" ">
   <subfield code="a">v. :</subfield>
   <subfield code="b">ill. ;</subfield>
   <subfield code="c">23 cm.</subfield>
  </datafield>
  <datafield tag="310" ind1=" " ind2=" ">
   <subfield code="a">Monthly.</subfield>
  </datafield>
  <datafield tag="362" ind1="0" ind2=" ">
   <subfield code="a">Vol.33, no.1(2003)-</subfield>
  </datafield>
  <datafield tag="546" ind1=" " ind2=" ">
   <subfield code="a">English.</subfield>
  </datafield>
  <datafield tag="650" ind1=" " ind2="4">
   <subfield code="a">Mathematical statistics</subfield>
   <subfield code="v">Periodicals.</subfield>
  </datafield>
  <datafield tag="852" ind1=" " ind2=" ">
   <subfield code="a">INST</subfield>
   <subfield code="b">UNIPILB</subfield>
   <subfield code="c">SERIALS</subfield>
   <subfield code="e">20041101</subfield>
   <subfield code="h">Αλφαβητική σειρά</subfield>
   <subfield code="p">37212</subfield>
   <subfield code="q">37212</subfield>
   <subfield code="t">NOLOAN</subfield>
   <subfield code="v">vol.32;no.1:(Μήνας)Jan.;(Έτος)2003</subfield>
   <subfield code="y">23</subfield>
  </datafield>
  <datafield tag="852" ind1=" " ind2=" ">
   <subfield code="a">INST</subfield>
   <subfield code="b">UNIPILB</subfield>
   <subfield code="c">SERIALS</subfield>
   <subfield code="e">20041101</subfield>
   <subfield code="h">Αλφαβητική σειρά</subfield>
   <subfield code="p">37213</subfield>
   <subfield code="q">37213</subfield>
   <subfield code="t">NOLOAN</subfield>
   <subfield code="v">vol.32;no.2:(Μήνας)February;(Έτος)2003</subfield>
   <subfield code="y">23</subfield>
  </datafield>
  <datafield tag="852" ind1=" " ind2=" ">
   <subfield code="a">INST</subfield>
   <subfield code="b">UNIPILB</subfield>
   <subfield code="c">SERIALS</subfield>
   <subfield code="e">20041101</subfield>
   <subfield code="h">Αλφαβητική σειρά</subfield>
   <subfield code="p">37214</subfield>
   <subfield code="q">37214</subfield>
   <subfield code="t">NOLOAN</subfield>
   <subfield code="v">vol.32;no.3:(Μήνας)March;(Έτος)2003</subfield>
   <subfield code="y">23</subfield>
  </datafield>
  <datafield tag="852" ind1=" " ind2=" ">
   <subfield code="a">INST</subfield>
   <subfield code="b">UNIPILB</subfield>
   <subfield code="c">SERIALS</subfield>
   <subfield code="e">20041101</subfield>
   <subfield code="h">Αλφαβητική σειρά</subfield>
   <subfield code="p">37215</subfield>
   <subfield code="q">37215</subfield>
   <subfield code="t">NOLOAN</subfield>
   <subfield code="v">vol.32;no.4:(Μήνας)April;(Έτος)2003</subfield>
   <subfield code="y">23</subfield>
  </datafield>
  <datafield tag="852" ind1=" " ind2=" ">
   <subfield code="a">INST</subfield>
   <subfield code="b">UNIPILB</subfield>
   <subfield code="c">SERIALS</subfield>
   <subfield code="e">20041101</subfield>
   <subfield code="h">Αλφαβητική σειρά</subfield>
   <subfield code="p">37216</subfield>
   <subfield code="q">37216</subfield>
   <subfield code="t">NOLOAN</subfield>
   <subfield code="v">vol.32;no.5:(Μήνας)May;(Έτος)2003</subfield>
   <subfield code="y">23</subfield>
  </datafield>
  <datafield tag="852" ind1=" " ind2=" ">
   <subfield code="a">INST</subfield>
   <subfield code="b">UNIPILB</subfield>
   <subfield code="c">SERIALS</subfield>
   <subfield code="e">20041101</subfield>
   <subfield code="h">Αλφαβητική σειρά</subfield>
   <subfield code="p">37217</subfield>
   <subfield code="q">37217</subfield>
   <subfield code="t">NOLOAN</subfield>
   <subfield code="v">vol.32;no.6:(Μήνας)June;(Έτος)2003</subfield>
   <subfield code="y">23</subfield>
  </datafield>
  <datafield tag="852" ind1=" " ind2=" ">
   <subfield code="a">INST</subfield>
   <subfield code="b">UNIPILB</subfield>
   <subfield code="c">SERIALS</subfield>
   <subfield code="e">20041101</subfield>
   <subfield code="h">Αλφαβητική σειρά</subfield>
   <subfield code="p">37218</subfield>
   <subfield code="q">37218</subfield>
   <subfield code="t">NOLOAN</subfield>
   <subfield code="v">vol.32;no.7:(Μήνας)July;(Έτος)2003</subfield>
   <subfield code="y">23</subfield>
  </datafield>
  <datafield tag="852" ind1=" " ind2=" ">
   <subfield code="a">INST</subfield>
   <subfield code="b">UNIPILB</subfield>
   <subfield code="c">SERIALS</subfield>
   <subfield code="e">20041101</subfield>
   <subfield code="h">Αλφαβητική σειρά</subfield>
   <subfield code="p">37219</subfield>
   <subfield code="q">37219</subfield>
   <subfield code="t">NOLOAN</subfield>
   <subfield code="v">vol.32;no.8:(Μήνας)August;(Έτος)2003</subfield>
   <subfield code="y">23</subfield>
  </datafield>
  <datafield tag="852" ind1=" " ind2=" ">
   <subfield code="a">INST</subfield>
   <subfield code="b">UNIPILB</subfield>
   <subfield code="c">SERIALS</subfield>
   <subfield code="e">20041101</subfield>
   <subfield code="h">Αλφαβητική σειρά</subfield>
   <subfield code="p">37220</subfield>
   <subfield code="q">37220</subfield>
   <subfield code="t">NOLOAN</subfield>
   <subfield code="v">vol.32;no.9:(Μήνας)September;(Έτος)2003</subfield>
   <subfield code="y">23</subfield>
  </datafield>
  <datafield tag="852" ind1=" " ind2=" ">
   <subfield code="a">INST</subfield>
   <subfield code="b">UNIPILB</subfield>
   <subfield code="c">SERIALS</subfield>
   <subfield code="e">20041101</subfield>
   <subfield code="h">Αλφαβητική σειρά</subfield>
   <subfield code="p">37221</subfield>
   <subfield code="q">37221</subfield>
   <subfield code="t">NOLOAN</subfield>
   <subfield code="v">vol.32;no.10:(Μήνας)October;(Έτος)2003</subfield>
   <subfield code="y">23</subfield>
  </datafield>
  <datafield tag="852" ind1=" " ind2=" ">
   <subfield code="a">INST</subfield>
   <subfield code="b">UNIPILB</subfield>
   <subfield code="c">SERIALS</subfield>
   <subfield code="e">20041101</subfield>
   <subfield code="h">Αλφαβητική σειρά</subfield>
   <subfield code="p">37222</subfield>
   <subfield code="q">37222</subfield>
   <subfield code="t">NOLOAN</subfield>
   <subfield code="v">vol.32;no.11:(Μήνας)November;(Έτος)2003</subfield>
   <subfield code="y">23</subfield>
  </datafield>
  <datafield tag="852" ind1=" " ind2=" ">
   <subfield code="a">INST</subfield>
   <subfield code="b">UNIPILB</subfield>
   <subfield code="c">SERIALS</subfield>
   <subfield code="e">20041101</subfield>
   <subfield code="h">Αλφαβητική σειρά</subfield>
   <subfield code="p">37223</subfield>
   <subfield code="q">37223</subfield>
   <subfield code="t">NOLOAN</subfield>
   <subfield code="v">vol.32;no.12:(Μήνας)December;(Έτος)2003</subfield>
   <subfield code="y">23</subfield>
  </datafield>
  <datafield tag="852" ind1=" " ind2=" ">
   <subfield code="a">INST</subfield>
   <subfield code="b">UNIPILB</subfield>
   <subfield code="c">SERIALS</subfield>
   <subfield code="e">20041221</subfield>
   <subfield code="h">Αλφαβητική σειρά</subfield>
   <subfield code="p">38574</subfield>
   <subfield code="q">38574</subfield>
   <subfield code="t">NOLOAN</subfield>
   <subfield code="v">vol.33;no.1:(Μήνας)January;(Έτος)2004</subfield>
   <subfield code="y">23</subfield>
  </datafield>
  <datafield tag="852" ind1=" " ind2=" ">
   <subfield code="a">INST</subfield>
   <subfield code="b">UNIPILB</subfield>
   <subfield code="c">SERIALS</subfield>
   <subfield code="e">20041221</subfield>
   <subfield code="h">Αλφαβητική σειρά</subfield>
   <subfield code="p">38575</subfield>
   <subfield code="q">38575</subfield>
   <subfield code="t">NOLOAN</subfield>
   <subfield code="v">vol.33;no.2:(Μήνας)February;(Έτος)2004</subfield>
   <subfield code="y">23</subfield>
  </datafield>
  <datafield tag="852" ind1=" " ind2=" ">
   <subfield code="a">INST</subfield>
   <subfield code="b">UNIPILB</subfield>
   <subfield code="c">SERIALS</subfield>
   <subfield code="e">20041221</subfield>
   <subfield code="h">Αλφαβητική σειρά</subfield>
   <subfield code="p">38576</subfield>
   <subfield code="q">38576</subfield>
   <subfield code="t">NOLOAN</subfield>
   <subfield code="v">vol.33;no.3:(Μήνας)March;(Έτος)2004</subfield>
   <subfield code="y">23</subfield>
  </datafield>
  <datafield tag="852" ind1=" " ind2=" ">
   <subfield code="a">INST</subfield>
   <subfield code="b">UNIPILB</subfield>
   <subfield code="c">SERIALS</subfield>
   <subfield code="e">20041221</subfield>
   <subfield code="h">Αλφαβητική σειρά</subfield>
   <subfield code="p">38577</subfield>
   <subfield code="q">38577</subfield>
   <subfield code="t">NOLOAN</subfield>
   <subfield code="v">vol.33;no.4:(Μήνας)April;(Έτος)2004</subfield>
   <subfield code="y">23</subfield>
  </datafield>
  <datafield tag="852" ind1=" " ind2=" ">
   <subfield code="a">INST</subfield>
   <subfield code="b">UNIPILB</subfield>
   <subfield code="c">SERIALS</subfield>
   <subfield code="e">20041221</subfield>
   <subfield code="h">Αλφαβητική σειρά</subfield>
   <subfield code="p">38578</subfield>
   <subfield code="q">38578</subfield>
   <subfield code="t">NOLOAN</subfield>
   <subfield code="v">vol.33;no.5:(Μήνας)May;(Έτος)2004</subfield>
   <subfield code="y">23</subfield>
  </datafield>
  <datafield tag="852" ind1=" " ind2=" ">
   <subfield code="a">INST</subfield>
   <subfield code="b">UNIPILB</subfield>
   <subfield code="c">SERIALS</subfield>
   <subfield code="e">20041221</subfield>
   <subfield code="h">Αλφαβητική σειρά</subfield>
   <subfield code="p">38579</subfield>
   <subfield code="q">38579</subfield>
   <subfield code="t">NOLOAN</subfield>
   <subfield code="v">vol.33;no.6:(Μήνας)June;(Έτος)2004</subfield>
   <subfield code="y">23</subfield>
  </datafield>
  <datafield tag="852" ind1=" " ind2=" ">
   <subfield code="a">INST</subfield>
   <subfield code="b">UNIPILB</subfield>
   <subfield code="c">SERIALS</subfield>
   <subfield code="e">20041221</subfield>
   <subfield code="h">Αλφαβητική σειρά</subfield>
   <subfield code="p">38580</subfield>
   <subfield code="q">38580</subfield>
   <subfield code="t">NOLOAN</subfield>
   <subfield code="v">vol.33;no.7:(Μήνας)July;(Έτος)2004</subfield>
   <subfield code="y">23</subfield>
  </datafield>
  <datafield tag="852" ind1=" " ind2=" ">
   <subfield code="a">INST</subfield>
   <subfield code="b">UNIPILB</subfield>
   <subfield code="c">SERIALS</subfield>
   <subfield code="e">20041221</subfield>
   <subfield code="h">Αλφαβητική σειρά</subfield>
   <subfield code="p">38581</subfield>
   <subfield code="q">38581</subfield>
   <subfield code="t">NOLOAN</subfield>
   <subfield code="v">vol.33;no.8:(Μήνας)August;(Έτος)2004</subfield>
   <subfield code="y">23</subfield>
  </datafield>
  <datafield tag="852" ind1=" " ind2=" ">
   <subfield code="a">INST</subfield>
   <subfield code="b">UNIPILB</subfield>
   <subfield code="c">SERIALS</subfield>
   <subfield code="e">20041221</subfield>
   <subfield code="h">Αλφαβητική σειρά</subfield>
   <subfield code="p">38582</subfield>
   <subfield code="q">38582</subfield>
   <subfield code="t">NOLOAN</subfield>
   <subfield code="v">vol.33;no.9:(Μήνας)September;(Έτος)2004</subfield>
   <subfield code="y">23</subfield>
  </datafield>
  <datafield tag="852" ind1=" " ind2=" ">
   <subfield code="a">INST</subfield>
   <subfield code="b">UNIPILB</subfield>
   <subfield code="c">SERIALS</subfield>
   <subfield code="e">20050125</subfield>
   <subfield code="h">Αλφαβητική σειρά</subfield>
   <subfield code="p">39233</subfield>
   <subfield code="q">39233</subfield>
   <subfield code="t">NOLOAN</subfield>
   <subfield code="v">vol.33;no.10:(Μήνας)October;(Έτος)2004</subfield>
   <subfield code="y">23</subfield>
  </datafield>
  <datafield tag="852" ind1=" " ind2=" ">
   <subfield code="a">INST</subfield>
   <subfield code="b">UNIPILB</subfield>
   <subfield code="c">SERIALS</subfield>
   <subfield code="e">20050204</subfield>
   <subfield code="h">Αλφαβητική σειρά</subfield>
   <subfield code="p">39663</subfield>
   <subfield code="q">39663</subfield>
   <subfield code="t">NOLOAN</subfield>
   <subfield code="v">vol.33;no.11-12:(Μήνας)November;(Έτος)2004</subfield>
   <subfield code="y">23</subfield>
  </datafield>
  <datafield tag="852" ind1=" " ind2=" ">
   <subfield code="a">INST</subfield>
   <subfield code="b">UNIPILB</subfield>
   <subfield code="c">SERIALS</subfield>
   <subfield code="e">20060405</subfield>
   <subfield code="h">Αλφαβητική σειρά</subfield>
   <subfield code="p">51107</subfield>
   <subfield code="q">51107</subfield>
   <subfield code="t">NOLOAN</subfield>
   <subfield code="v">vol.35;no.1-3:(Μήνες)Jan./Feb./Mar.;(Έτος)2006</subfield>
   <subfield code="y">23</subfield>
  </datafield>
  <datafield tag="852" ind1=" " ind2=" ">
   <subfield code="a">INST</subfield>
   <subfield code="b">UNIPILB</subfield>
   <subfield code="c">SERIALS</subfield>
   <subfield code="e">20060407</subfield>
   <subfield code="h">Αλφαβητική σειρά</subfield>
   <subfield code="p">51149</subfield>
   <subfield code="q">51149</subfield>
   <subfield code="t">NOLOAN</subfield>
   <subfield code="v">vol.34;no.1:(Μήνας)January;(Έτος)2005</subfield>
   <subfield code="y">23</subfield>
  </datafield>
  <datafield tag="852" ind1=" " ind2=" ">
   <subfield code="a">INST</subfield>
   <subfield code="b">UNIPILB</subfield>
   <subfield code="c">SERIALS</subfield>
   <subfield code="e">20060407</subfield>
   <subfield code="h">Αλφαβητική σειρά</subfield>
   <subfield code="p">51150</subfield>
   <subfield code="q">51150</subfield>
   <subfield code="t">NOLOAN</subfield>
   <subfield code="v">vol.34;no.2:(Μήνας)February;(Έτος)2005</subfield>
   <subfield code="y">23</subfield>
  </datafield>
  <datafield tag="852" ind1=" " ind2=" ">
   <subfield code="a">INST</subfield>
   <subfield code="b">UNIPILB</subfield>
   <subfield code="c">SERIALS</subfield>
   <subfield code="e">20060407</subfield>
   <subfield code="h">Αλφαβητική σειρά</subfield>
   <subfield code="p">51151</subfield>
   <subfield code="q">51151</subfield>
   <subfield code="t">NOLOAN</subfield>
   <subfield code="v">vol.34;no.3:(Μήνας)March;(Έτος)2005</subfield>
   <subfield code="y">23</subfield>
  </datafield>
  <datafield tag="852" ind1=" " ind2=" ">
   <subfield code="a">INST</subfield>
   <subfield code="b">UNIPILB</subfield>
   <subfield code="c">SERIALS</subfield>
   <subfield code="e">20060407</subfield>
   <subfield code="h">Αλφαβητική σειρά</subfield>
   <subfield code="p">51152</subfield>
   <subfield code="q">51152</subfield>
   <subfield code="t">NOLOAN</subfield>
   <subfield code="v">vol.34;no.4:(Μήνας)April;(Έτος)2005</subfield>
   <subfield code="y">23</subfield>
  </datafield>
  <datafield tag="852" ind1=" " ind2=" ">
   <subfield code="a">INST</subfield>
   <subfield code="b">UNIPILB</subfield>
   <subfield code="c">SERIALS</subfield>
   <subfield code="e">20060407</subfield>
   <subfield code="h">Αλφαβητική σειρά</subfield>
   <subfield code="p">51153</subfield>
   <subfield code="q">51153</subfield>
   <subfield code="t">NOLOAN</subfield>
   <subfield code="v">vol.34;no.5:(Μήνας)May;(Έτος)2005</subfield>
   <subfield code="y">23</subfield>
  </datafield>
  <datafield tag="852" ind1=" " ind2=" ">
   <subfield code="a">INST</subfield>
   <subfield code="b">UNIPILB</subfield>
   <subfield code="c">SERIALS</subfield>
   <subfield code="e">20060407</subfield>
   <subfield code="h">Αλφαβητική σειρά</subfield>
   <subfield code="p">51154</subfield>
   <subfield code="q">51154</subfield>
   <subfield code="t">NOLOAN</subfield>
   <subfield code="v">vol.34;no.6:(Μήνας)June;(Έτος)2005</subfield>
   <subfield code="y">23</subfield>
  </datafield>
  <datafield tag="852" ind1=" " ind2=" ">
   <subfield code="a">INST</subfield>
   <subfield code="b">UNIPILB</subfield>
   <subfield code="c">SERIALS</subfield>
   <subfield code="e">20060407</subfield>
   <subfield code="h">Αλφαβητική σειρά</subfield>
   <subfield code="p">51155</subfield>
   <subfield code="q">51155</subfield>
   <subfield code="t">NOLOAN</subfield>
   <subfield code="v">vol.34;no.7:(Μήνας)July;(Έτος)2005</subfield>
   <subfield code="y">23</subfield>
  </datafield>
  <datafield tag="852" ind1=" " ind2=" ">
   <subfield code="a">INST</subfield>
   <subfield code="b">UNIPILB</subfield>
   <subfield code="c">SERIALS</subfield>
   <subfield code="e">20060407</subfield>
   <subfield code="h">Αλφαβητική σειρά</subfield>
   <subfield code="p">51156</subfield>
   <subfield code="q">51156</subfield>
   <subfield code="t">NOLOAN</subfield>
   <subfield code="v">vol.34;no.8:(Μήνας)August;(Έτος)2005</subfield>
   <subfield code="y">23</subfield>
  </datafield>
  <datafield tag="852" ind1=" " ind2=" ">
   <subfield code="a">INST</subfield>
   <subfield code="b">UNIPILB</subfield>
   <subfield code="c">SERIALS</subfield>
   <subfield code="e">20060407</subfield>
   <subfield code="h">Αλφαβητική σειρά</subfield>
   <subfield code="p">51157</subfield>
   <subfield code="q">51157</subfield>
   <subfield code="t">NOLOAN</subfield>
   <subfield code="v">vol.34;no.9/10:(Μήνες)Sept./Oct.;(Έτος)2005</subfield>
   <subfield code="y">23</subfield>
  </datafield>
  <datafield tag="852" ind1=" " ind2=" ">
   <subfield code="a">INST</subfield>
   <subfield code="b">UNIPILB</subfield>
   <subfield code="c">SERIALS</subfield>
   <subfield code="e">20060407</subfield>
   <subfield code="h">Αλφαβητική σειρά</subfield>
   <subfield code="p">51158</subfield>
   <subfield code="q">51158</subfield>
   <subfield code="t">NOLOAN</subfield>
   <subfield code="v">vol.34;no.10:(Μήνας)October;(Έτος)2005</subfield>
   <subfield code="y">23</subfield>
  </datafield>
  <datafield tag="852" ind1=" " ind2=" ">
   <subfield code="a">INST</subfield>
   <subfield code="b">UNIPILB</subfield>
   <subfield code="c">SERIALS</subfield>
   <subfield code="e">20060407</subfield>
   <subfield code="h">Αλφαβητική σειρά</subfield>
   <subfield code="p">51159</subfield>
   <subfield code="q">51159</subfield>
   <subfield code="t">NOLOAN</subfield>
   <subfield code="v">vol.34;no.11:(Μήνας)November;(Έτος)2005</subfield>
   <subfield code="y">23</subfield>
  </datafield>
  <datafield tag="852" ind1=" " ind2=" ">
   <subfield code="a">INST</subfield>
   <subfield code="b">UNIPILB</subfield>
   <subfield code="c">SERIALS</subfield>
   <subfield code="e">20060407</subfield>
   <subfield code="h">Αλφαβητική σειρά</subfield>
   <subfield code="p">51160</subfield>
   <subfield code="q">51160</subfield>
   <subfield code="t">NOLOAN</subfield>
   <subfield code="v">vol.34;no.12:(Μήνας)December;(Έτος)2005</subfield>
   <subfield code="y">23</subfield>
  </datafield>
  <datafield tag="852" ind1=" " ind2=" ">
   <subfield code="a">INST</subfield>
   <subfield code="b">UNIPILB</subfield>
   <subfield code="c">SERIALS</subfield>
   <subfield code="e">20070919</subfield>
   <subfield code="h">Αλφαβητική σειρά</subfield>
   <subfield code="p">57321</subfield>
   <subfield code="q">57321</subfield>
   <subfield code="t">NOLOAN</subfield>
   <subfield code="v">vol.35;no.7-9:(Μήνες)Jul./Aug./Sept.;(Έτος)2006</subfield>
   <subfield code="y">23</subfield>
  </datafield>
  <datafield tag="852" ind1=" " ind2=" ">
   <subfield code="a">INST</subfield>
   <subfield code="b">UNIPILB</subfield>
   <subfield code="c">SERIALS</subfield>
   <subfield code="e">20070919</subfield>
   <subfield code="h">Αλφαβητική σειρά</subfield>
   <subfield code="p">57322</subfield>
   <subfield code="q">57322</subfield>
   <subfield code="t">NOLOAN</subfield>
   <subfield code="v">vol.35;no.10-12:(Μήνες)Oct./Nov./Dec.;(Έτος)2006</subfield>
   <subfield code="y">23</subfield>
  </datafield>
  <datafield tag="852" ind1=" " ind2=" ">
   <subfield code="a">INST</subfield>
   <subfield code="b">UNIPILB</subfield>
   <subfield code="c">SERIALS</subfield>
   <subfield code="e">20080211</subfield>
   <subfield code="h">Αλφαβητική σειρά</subfield>
   <subfield code="p">59657</subfield>
   <subfield code="q">59657</subfield>
   <subfield code="t">NOLOAN</subfield>
   <subfield code="v">vol.36;no.13-16:(Μήνες)Oct.-Nov.-Dec.;(Έτος)2007</subfield>
   <subfield code="y">23</subfield>
  </datafield>
  <datafield tag="852" ind1=" " ind2=" ">
   <subfield code="a">INST</subfield>
   <subfield code="b">UNIPILB</subfield>
   <subfield code="c">SERIALS</subfield>
   <subfield code="e">20080211</subfield>
   <subfield code="h">Αλφαβητική σειρά</subfield>
   <subfield code="p">59658</subfield>
   <subfield code="q">59658</subfield>
   <subfield code="t">NOLOAN</subfield>
   <subfield code="v">vol.36;no.1-4:(Μήνες)Jan.-Feb.-Mar.;(Έτος)2007</subfield>
   <subfield code="y">23</subfield>
  </datafield>
  <datafield tag="852" ind1=" " ind2=" ">
   <subfield code="a">INST</subfield>
   <subfield code="b">UNIPILB</subfield>
   <subfield code="c">SERIALS</subfield>
   <subfield code="e">20080714</subfield>
   <subfield code="h">Αλφαβητική σειρά</subfield>
   <subfield code="p">61015</subfield>
   <subfield code="q">61015</subfield>
   <subfield code="t">NOLOAN</subfield>
   <subfield code="v">vol.35;no.4-6:(Μήνες)Apr./May/Jun.;(Έτος)2006</subfield>
   <subfield code="y">23</subfield>
  </datafield>
  <datafield tag="852" ind1=" " ind2=" ">
   <subfield code="a">INST</subfield>
   <subfield code="b">UNIPILB</subfield>
   <subfield code="c">SERIALS</subfield>
   <subfield code="e">20090623</subfield>
   <subfield code="h">Αλφαβητική σειρά</subfield>
   <subfield code="p">64284</subfield>
   <subfield code="q">64284</subfield>
   <subfield code="t">NOLOAN</subfield>
   <subfield code="v">vol.37;no.18-20:(Ημέρα)1;(Μήνας)Nov.;(Έτος)2008</subfield>
   <subfield code="y">23</subfield>
  </datafield>
  <datafield tag="852" ind1=" " ind2=" ">
   <subfield code="a">INST</subfield>
   <subfield code="b">UNIPILB</subfield>
   <subfield code="c">SERIALS</subfield>
   <subfield code="e">20131008</subfield>
   <subfield code="h">Αλφαβητική σειρά</subfield>
   <subfield code="p">81049</subfield>
   <subfield code="q">81049</subfield>
   <subfield code="t">NOLOAN</subfield>
   <subfield code="v">vol.40;no.16-18:(Μήνες)Aug./Sept.;(Έτος)2011</subfield>
   <subfield code="y">23</subfield>
  </datafield>
  <datafield tag="852" ind1=" " ind2=" ">
   <subfield code="a">INST</subfield>
   <subfield code="b">UNIPILB</subfield>
   <subfield code="c">SERIALS</subfield>
   <subfield code="e">20131008</subfield>
   <subfield code="h">Αλφαβητική σειρά</subfield>
   <subfield code="p">81050</subfield>
   <subfield code="q">81050</subfield>
   <subfield code="t">NOLOAN</subfield>
   <subfield code="v">vol.42;no.16-18:(Έτος)2013</subfield>
   <subfield code="y">23</subfield>
  </datafield>
  <datafield tag="852" ind1=" " ind2=" ">
   <subfield code="a">INST</subfield>
   <subfield code="b">UNIPILB</subfield>
   <subfield code="c">SERIALS</subfield>
   <subfield code="e">20080211</subfield>
   <subfield code="h">Αλφαβητική σειρά</subfield>
   <subfield code="p">NB000004</subfield>
   <subfield code="q">NB000004</subfield>
   <subfield code="t">NOLOAN</subfield>
   <subfield code="v">vol.36;no.5-8:(Μήνες)Apr./May/Jun.;(Έτος)2007</subfield>
   <subfield code="y">23</subfield>
  </datafield>
  <datafield tag="852" ind1=" " ind2=" ">
   <subfield code="a">INST</subfield>
   <subfield code="b">UNIPILB</subfield>
   <subfield code="c">SERIALS</subfield>
   <subfield code="e">20080211</subfield>
   <subfield code="h">Αλφαβητική σειρά</subfield>
   <subfield code="p">NB000005</subfield>
   <subfield code="q">NB000005</subfield>
   <subfield code="t">NOLOAN</subfield>
   <subfield code="v">vol.36;no.9-12:(Μήνες)Jul./Aug./Sept.΄(Έτος</subfield>
   <subfield code="y">23</subfield>
  </datafield>
  <datafield tag="856" ind1="4" ind2="1">
   <subfield code="u">http://www.informaworld.com/smpp/title~content=t713597238</subfield>
  </datafield>
  <datafield tag="900" ind1=" " ind2=" ">
   <subfield code="a">Vol. 43 no. 7-9 (September 2013)</subfield>
   <subfield code="b">Οφειλόμενο</subfield>
   <subfield code="c">13/06/2017</subfield>
  </datafield>
  <datafield tag="900" ind1=" " ind2=" ">
   <subfield code="a">Vol. 37 no. 1-4 (January 2008)</subfield>
   <subfield code="b">Οφειλόμενο</subfield>
   <subfield code="c">01/06/2008</subfield>
  </datafield>
  <datafield tag="900" ind1=" " ind2=" ">
   <subfield code="a">Vol. 37 no. 5-8 (February 2008)</subfield>
   <subfield code="b">Οφειλόμενο</subfield>
   <subfield code="c">24/06/2009</subfield>
  </datafield>
  <datafield tag="900" ind1=" " ind2=" ">
   <subfield code="a">Vol. 37 no. 9-12 (March 2008)</subfield>
   <subfield code="b">Οφειλόμενο</subfield>
   <subfield code="c">24/06/2009</subfield>
  </datafield>
  <datafield tag="900" ind1=" " ind2=" ">
   <subfield code="a">Vol. 38 no. 1-4 (April 2008)</subfield>
   <subfield code="b">Οφειλόμενο</subfield>
   <subfield code="c">24/06/2009</subfield>
  </datafield>
  <datafield tag="900" ind1=" " ind2=" ">
   <subfield code="a">Vol. 38 no. 9-11 (February 2009)</subfield>
   <subfield code="b">Οφειλόμενο</subfield>
   <subfield code="c">22/10/2009</subfield>
  </datafield>
  <datafield tag="900" ind1=" " ind2=" ">
   <subfield code="a">Vol. 39 no. 12-2 (March 2009)</subfield>
   <subfield code="b">Οφειλόμενο</subfield>
   <subfield code="c">17/10/2013</subfield>
  </datafield>
  <datafield tag="900" ind1=" " ind2=" ">
   <subfield code="a">Vol. 39 no. 3--7 (April 2009)</subfield>
   <subfield code="b">Οφειλόμενο</subfield>
   <subfield code="c">17/10/2013</subfield>
  </datafield>
  <datafield tag="900" ind1=" " ind2=" ">
   <subfield code="a">Vol. 39 no. 8-5-12 (May 2009)</subfield>
   <subfield code="b">Οφειλόμενο</subfield>
   <subfield code="c">17/10/2013</subfield>
  </datafield>
  <datafield tag="900" ind1=" " ind2=" ">
   <subfield code="a">Vol. 41 no. 7-9 (September 2011)</subfield>
   <subfield code="b">Οφειλόμενο</subfield>
   <subfield code="c">17/10/2013</subfield>
  </datafield>
  <datafield tag="900" ind1=" " ind2=" ">
   <subfield code="a">Vol. 41 no. 10-12 (October 2011)</subfield>
   <subfield code="b">Οφειλόμενο</subfield>
   <subfield code="c">17/10/2013</subfield>
  </datafield>
  <datafield tag="900" ind1=" " ind2=" ">
   <subfield code="a">Vol. 42 no. 1-3 (November 2011)</subfield>
   <subfield code="b">Οφειλόμενο</subfield>
   <subfield code="c">17/10/2013</subfield>
  </datafield>
  <datafield tag="950" ind1=" " ind2=" ">
   <subfield code="a">01/01/2003</subfield>
   <subfield code="c">ANACO Κ. ΑΝΑΓΝΩΣΤΟΥ Ε.Π.Ε., ΜΗΧΑΝΗΜΑΤΑ ΚΑΙ ΣΥΣΤΗΜΑΤΑ ΟΡΓΑΝΩΣΗΣ ΓΡΑΦΕΙΟΥ</subfield>
   <subfield code="d">30</subfield>
  </datafield>
  <datafield tag="951" ind1=" " ind2=" ">
   <subfield code="a">Vol. 42 no. 16-18 (2013)</subfield>
   <subfield code="b">Main run</subfield>
  </datafield>
  <datafield tag="951" ind1=" " ind2=" ">
   <subfield code="a">Vol. 32 no. 1 (January 2003) - Vol. 33 no. 11-12 (December 2004)</subfield>
   <subfield code="b">Main run</subfield>
  </datafield>
  <datafield tag="951" ind1=" " ind2=" ">
   <subfield code="a">Vol. 34 no. 1 (January 2005) - Vol. 34 no. 8 (August 2005)</subfield>
   <subfield code="b">Main run</subfield>
  </datafield>
  <datafield tag="951" ind1=" " ind2=" ">
   <subfield code="a">Vol. 34 no. 9/10  (Sept./Oct. 2005)</subfield>
   <subfield code="b">Main run</subfield>
  </datafield>
  <datafield tag="951" ind1=" " ind2=" ">
   <subfield code="a">Vol. 34 no. 10 (October 2005) - Vol. 34 no. 12 (December 2005)</subfield>
   <subfield code="b">Main run</subfield>
  </datafield>
  <datafield tag="951" ind1=" " ind2=" ">
   <subfield code="a">Vol. 35 no. 1-3  (Jan./Feb./Mar. 2006)</subfield>
   <subfield code="b">Main run</subfield>
  </datafield>
  <datafield tag="951" ind1=" " ind2=" ">
   <subfield code="a">Vol. 35 no. 4-6  (Apr./May/Jun. 2006)</subfield>
   <subfield code="b">Main run</subfield>
  </datafield>
  <datafield tag="951" ind1=" " ind2=" ">
   <subfield code="a">Vol. 35 no. 7-9  (Jul./Aug./Sept. 2006)</subfield>
   <subfield code="b">Main run</subfield>
  </datafield>
  <datafield tag="951" ind1=" " ind2=" ">
   <subfield code="a">Vol. 35 no. 10-12  (Oct./Nov./Dec. 2006)</subfield>
   <subfield code="b">Main run</subfield>
  </datafield>
  <datafield tag="951" ind1=" " ind2=" ">
   <subfield code="a">Vol. 36 no. 1-4  (1 Jan./2 Feb.1/3 Feb. 15/4 Mar. 2007)</subfield>
   <subfield code="b">Main run</subfield>
  </datafield>
  <datafield tag="951" ind1=" " ind2=" ">
   <subfield code="a">Vol. 36 no. 5-8  (5 Apr./6 May 1/7 May 15/8 Jun. 2007)</subfield>
   <subfield code="b">Main run</subfield>
  </datafield>
  <datafield tag="951" ind1=" " ind2=" ">
   <subfield code="a">Vol. 36 no. 9-12  (9 Jul./10 Aug. 1/11 Aug. 15/12 Sept. 2007)</subfield>
   <subfield code="b">Main run</subfield>
  </datafield>
  <datafield tag="951" ind1=" " ind2=" ">
   <subfield code="a">Vol. 36 no. 13-16  (13 Oct./14 Nov. 1/15 Nov. 15/16 Dec. 2007)</subfield>
   <subfield code="b">Main run</subfield>
  </datafield>
  <datafield tag="951" ind1=" " ind2=" ">
   <subfield code="a">Vol. 37 no. 18-20  (1 Nov. 2008)</subfield>
   <subfield code="b">Main run</subfield>
  </datafield>
  <datafield tag="951" ind1=" " ind2=" ">
   <subfield code="a">Vol. 40 no. 16-18  (Aug./Sept. 2011)</subfield>
   <subfield code="b">Main run</subfield>
  </datafield>
 </record>
</collection>
